Odio, violencia, emancipación

Furkejuvvon:
Bibliográfalaš dieđut
Váldodahkki: Cruz, Manuel (Dahkki)
Materiálatiipa: Girji
Giella:espánnjágiella
Almmustuhtton: Barcelona Gedisa 2007
Preanttus:1a. ed
Ráidu:Biblioteca Iberoamericana de Pensamiento
Fáttát:
Fáddágilkorat: Lasit fáddágilkoriid
Eai fáddágilkorat, Lasit vuosttaš fáddágilkora!

MARC

LEADER 00000nam a2200000 a 4500
001 UCI6714
003 CL-VaPUC
008 080523e20070000SP |||||||||||||||||spa|d
020 |a 9788497842136 
082 0 4 |a 303.6  |b CRU  |2 21 
100 0 |a Cruz, Manuel  |e author  |9 529683 
245 1 0 |a Odio, violencia, emancipación 
250 |a 1a. ed 
300 |a 181 p 
942 |c BK 
945 |d 20080523 00:00:00  |a cmena 
260 |a Barcelona  |b Gedisa  |c 2007 
650 0 |a Cambio social   |9 256857 
650 0 |a Violencia social  |9 399777 
650 0 |a Desarrollo social  |9 264534 
650 0 |a Terrorismo   |9 255070 
583 |a last modification  |c 20080523 00:00:00  |k Rodrigo Vera 
490 0 |a Biblioteca Iberoamericana de Pensamiento 
999 |c 330163  |d 330161 
952 |0 0  |1 0  |4 0  |6 303_600000000000000_CRU_2007  |7 0  |8 A  |9 415561  |a BIBCUR  |b BIBCUR  |d 2019-11-22  |i 4437233  |o 303.6 CRU 2007  |p 4437233  |r 2025-04-22  |w 2019-11-22  |y BK  |k PER